K problematice mléka a mlékarenských výrobků.

Zvýšenie produkcie mlieka v poľnohospodárstve ČSFR v r. 1980-1989. Úspechy dosiahnuté pri výstavbe sušiarenských kapacít, pri zavedení nových technológií a pri inovácií výrobného sortimentu. Vývoz mlieka a mliekarenských výrobkov a jeho opodstatnenosť. Efektívnosť čsl. vývozu mlieka a mliekarenských...

Descrizione completa

Salvato in:
Dettagli Bibliografici
Autore principale: Vološin, Josef
Natura: Capitolo di libro
Lingua:ceco
Soggetti:
Tags: Aggiungi Tag
Nessun Tag, puoi essere il primo ad aggiungerne!!

MARC

LEADER 00000naa a2200000 4500
001 r004763
005 20221125081629.1
041 0 |a cze 
044 |a [CS] 
245 1 0 |a K problematice mléka a mlékarenských výrobků.  |c J. Vološin 
520 |a Zvýšenie produkcie mlieka v poľnohospodárstve ČSFR v r. 1980-1989. Úspechy dosiahnuté pri výstavbe sušiarenských kapacít, pri zavedení nových technológií a pri inovácií výrobného sortimentu. Vývoz mlieka a mliekarenských výrobkov a jeho opodstatnenosť. Efektívnosť čsl. vývozu mlieka a mliekarenských výrobkov. 
610 2 0 |a poľnohospodárstvo 
610 2 0 |a ČSFR 
610 2 0 |a mlieko 
610 2 0 |a 1980-1989 
610 2 0 |a výrobky poľnohospodárske 
610 2 0 |a technológie nové 
610 2 0 |a vývoz 
610 2 0 |a údaje štatistické 
100 1 |a Vološin, Josef